000 nam a22 a 4500
999 _c61644
_d61644
003 BLK
005 20230202163617.0
008 180408b bul|||||r ||||||| ||bul||
010 _aKNG00065848000
040 _aBLK
041 _aBUL
_cBUL
080 _aПедиатрия. Детски болести. Вж и 613.22 ; 613.95
_b616-053.2
_x(035)
_z616-053.2(035)
100 1 _aАнгелов, Ангел Георгиев
_eпърви автор
_9364901
139 _aКлинична педиатрия
_bК 65
245 1 0 _aКлинична педиатрия
_bТ. 1 -
_cАнгел Георгиев Ангелов; ред. Братан Цочев Братанов.
_nТ. 2
250 _a2. прераб. и доп. изд
257 _aBGR
260 _aСофия
_bМедицина и физкултура
_c1978
_fЗа том: Пловдив : Д. Благоев
300 _c24 см
380 _a61
500 _a1. изд. 1973
504 _a539-544
650 4 _aПедиатрия
_9165998
700 1 _aБратанов, Братан Цочев
_9369453
760 1 _aАнгелов, Ангел Георгиев
_b2. прераб. и доп. изд
_d1978
_h548 с.
_nБиблиогр. с. 539-544
_tТ. 2
852 _aЦб 93802
856 4 _qpdf
_i0.00
_ldisable
856 4 _qpdf
_i0.00
_ldisable
942 _cKNG
_n0
_s1
_01
944 _aCR
_c13.06.2004
_kГеновева_Генчева
944 _aED
_c2022-11-11
_kир
999 _d61644